| 000 | 00535nam a2200181Ia 4500 | ||
|---|---|---|---|
| 003 | IN-BaIIA | ||
| 008 | 211028s9999 xx 000 0 eng d | ||
| 020 | _a0-14-023035-1 | ||
| 040 | _cIIA Library | ||
| 080 |
_a501 _bCHA |
||
| 100 |
_aChandrasekhar, S. _91248 |
||
| 245 | 0 |
_aTruth and beauty _baesthetics and motivations in science _cS. Chandrasekhar |
|
| 260 |
_aCalcutta _bPenguin Books _c1987 |
||
| 300 | _ax,170p | ||
| 650 | _aNASA Thesaurus | ||
| 650 |
_aScience _91299 |
||
| 942 | _cBK | ||
| 999 |
_c10945 _d10945 |
||